000
00188 a2200097 4500
020
_a
9780875965611
041
_a
eng
100
_a
Anonimo
245
_a
"Trees, shrubs and vines"
942
_c
BK
999
_c
7104
_d
7104